Thora sa Asman (urdu) (Record no. 311756)
[ view plain ]
| 000 -LEADER | |
|---|---|
| fixed length control field | 00292 a2200121 4500 |
| 001 - CONTROL NUMBER | |
| control field | 76683 |
| 082 ## - DEWEY DECIMAL CLASSIFICATION NUMBER | |
| Classification number | 891.4393 UMA |
| 090 ## - LOCALLY ASSIGNED LC-TYPE CALL NUMBER (OCLC); LOCAL CALL NUMBER (RLIN) | |
| -- | 39201 |
| -- | 39201 |
| 100 ## - MAIN ENTRY--PERSONAL NAME | |
| Personal name | Umaira Ahmed |
| 245 ## - TITLE STATEMENT | |
| Title | Thora sa Asman (urdu) |
| Statement of responsibility, etc. | Umaira Ahmed |
| Medium | Urdu |
| 260 ## - PUBLICATION, DISTRIBUTION, ETC. | |
| Place of publication, distribution, etc. | Lahore |
| Name of publisher, distributor, etc. | IIlm o Irfan |
| Date of publication, distribution, etc. | 2009 |
| 300 ## - PHYSICAL DESCRIPTION | |
| Extent | 829 p |
| 942 ## - ADDED ENTRY ELEMENTS (KOHA) | |
| Institution code [OBSOLETE] | caenust |
| Call number prefix | 891.4393 UMA |
| Withdrawn status | Lost status | Damaged status | Not for loan | Collection code | Permanent Location | Current Location | Date acquired | Total Checkouts | Full call number | Barcode | Date last seen | Price effective from | Koha item type |
|---|---|---|---|---|---|---|---|---|---|---|---|---|---|
| College of Aeronautical Engineering (CAE) | College of Aeronautical Engineering (CAE) | 04/03/2017 | 891.4393 UMA | CAE82144 | 04/05/2017 | 04/05/2017 | Book |
